[Event "Florianopolis op 10th"]
[Site "Florianopolis"]
[Date "2024.01.24"]
[Round "6"]
[White "Dias, Anderson Tatsch"]
[Black "Pereira, Arthur Macedo"]
[Result "1-0"]
[WhiteElo "2058"]
[BlackElo "1764"]
[PlyCount "71"]
[EventDate "2024.01.20"]
[EventType "swiss"]
[EventRounds "10"]
[EventCountry "BRA"]
[SourceTitle "CB05_2024"]
[SourceDate "2024.01.31"]
[SourceVersion "1"]
[SourceVersionDate "2024.01.31"]
[SourceQuality "1"]

1. d4 Nf6 2. c4 e6 3. g3 d5 4. Nf3 Bb4+ 5. Bd2 Be7 6. Bg2 0-0 7. Qb3 c6 8. Bb4 Nbd7 9. Bxe7 Qxe7 10. 0-0 b6 11. Nc3 Bb7 12. cxd5 cxd5 13. Rfc1 Rfc8 14. e3 a6 15. Ne2 Ne4 16. Nf4 Rab8 17. Nd3 Qf6 18. Qd1 Qd8 19. Nfe5 Nxe5 20. Nxe5 f6 21. Nd3 Nd6 22. Bh3 f5 23. Nf4 Qe7 24. Bf1 g6 25. Rxc8+ Rxc8 26. Rc1 Rxc1 27. Qxc1 g5 28. Nd3 Nf7 29. Qc3 Kg7 30. b4 Qd6 31. a4 Bc6 32. a5 Bb5 33. axb6 Qxb6 34. Nc5 Bxf1 35. Kxf1 Kf6 36. Nd7+ 1-0

[Event "Curitiba Parana op"]
[Site "Curitiba"]
[Date "2023.04.22"]
[Round "4"]
[White "De Souza, Adwilhans Luciano"]
[Black "Dias, Anderson Tatsch"]
[Result "1-0"]
[WhiteElo "2327"]
[BlackElo "2049"]
[PlyCount "97"]
[EventDate "2023.04.21"]
[EventType "swiss"]
[EventRounds "6"]
[EventCountry "BRA"]
[SourceTitle "CBM 214 Extra"]
[Source "ChessBase"]
[SourceDate "2023.07.31"]
[SourceVersion "1"]
[SourceVersionDate "2023.07.31"]
[SourceQuality "1"]

1. f4 d5 2. Nf3 g6 3. g3 Bg7 4. Bg2 Nf6 5. 0-0 0-0 6. d3 b6 7. Ne5 Bb7 8. c4 e6 9. Nc3 Qc8 10. e4 dxe4 11. dxe4 Nbd7 12. Nd3 Rd8 13. Qe2 Ne8 14. Bd2 Nd6 15. b3 Bd4+ 16. Nf2 Nc5 17. Rad1 a5 18. Be1 Bg7 19. g4 Qd7 20. g5 e5 21. fxe5 Bxe5 22. Ng4 Qe7 23. Nd5 Bxd5 24. Rxd5 Bg7 25. e5 Nf5 26. Nf6+ Bxf6 27. gxf6 Qf8 28. Bf2 Ne6 29. Qd2 c6 30. Rxd8 Rxd8 31. Qc1 Ned4 32. Re1 Qb4 33. Be4 Re8 34. Qd1 a4 35. Bxf5 Nxf5 36. Qd7 Rf8 37. e6 fxe6 38. Qxe6+ Kh8 39. bxa4 Qc3 40. f7 c5 41. Qxb6 Rxf7 42. Qxc5 Kg7 43. a5 Qf3 44. Qe5+ Kh6 45. Be3+ Kh5 46. Qd5 Qg4+ 47. Kh1 Rc7 48. Rg1 Qxc4 49. Qf3+ 1-0

[Event "Curitiba Parana op"]
[Site "Curitiba"]
[Date "2023.04.21"]
[Round "2"]
[White "Paganella, Arthur Leonel"]
[Black "Dias, Anderson Tatsch"]
[Result "0-1"]
[WhiteElo "1800"]
[BlackElo "2049"]
[PlyCount "56"]
[EventDate "2023.04.21"]
[EventType "swiss"]
[EventRounds "6"]
[EventCountry "BRA"]
[SourceTitle "CBM 214 Extra"]
[Source "ChessBase"]
[SourceDate "2023.07.31"]
[SourceVersion "1"]
[SourceVersionDate "2023.07.31"]
[SourceQuality "1"]

1. e4 c5 2. Nf3 e6 3. c3 Nf6 4. e5 Nd5 5. b4 d6 6. d4 cxd4 7. Bd3 dxe5 8. 0-0 dxc3 9. Bg5 Be7 10. Bxe7 Qxe7 11. Nxe5 Qxb4 12. Qh5 Qe7 13. Nxc3 Nf6 14. Qh3 Nbd7 15. f4 0-0 16. g4 g6 17. g5 Qc5+ 18. Kh1 Qxc3 19. gxf6 Nxf6 20. Rg1 b6 21. Qg2 Rb8 22. Rac1 Qd4 23. Rxc8 Rfxc8 24. Bxg6 hxg6 25. Nxg6 fxg6 26. Qxg6+ Kf8 27. Qh6+ Ke7 28. Rg7+ Kd6 0-1

[Event "Florianopolis op 09"]
[Site "Florianopolis"]
[Date "2021.09.24"]
[Round "1"]
[White "Esteche, Caina Rinaldi"]
[Black "Dias, Anderson Tatsch"]
[Result "1-0"]
[WhiteElo "1696"]
[BlackElo "2115"]
[PlyCount "82"]
[EventDate "2021.09.24"]
[EventType "swiss"]
[EventRounds "6"]
[EventCountry "BRA"]
[SourceTitle "EXT 2023"]
[Source "ChessBase"]
[SourceDate "2022.10.05"]
[SourceVersion "1"]
[SourceVersionDate "2022.10.05"]
[SourceQuality "1"]

1. c4 c5 2. Nc3 Nc6 3. g3 g6 4. Bg2 Bg7 5. d3 e5 6. e4 Nge7 7. Nge2 0-0 8. 0-0 d6 9. h3 a6 10. f4 Rb8 11. g4 exf4 12. Bxf4 b5 13. Rb1 Nd4 14. Nxd4 Bxd4+ 15. Kh1 Nc6 16. Bh6 Bg7 17. Qd2 Be6 18. b3 Qh4 19. Bxg7 Kxg7 20. Qf4 Ne5 21. Kg1 f5 22. exf5 gxf5 23. d4 cxd4 24. Qxd4 Qf6 25. Qxd6 Rbd8 26. g5 Rxd6 27. gxf6+ Rxf6 28. cxb5 Rd3 29. bxa6 Rd8 30. Nb5 Bd5 31. Bxd5 Rxd5 32. a7 Rg6+ 33. Kf2 Ra6 34. a4 Rc5 35. Ke3 Kf6 36. Rbc1 Rxb5 37. axb5 Rxa7 38. Rc5 Rd7 39. Rc6+ Kg5 40. Rg1+ Kh5 41. Kf4 Rd5 1-0

[Event "Sao Jose dos Campos op 3rd"]
[Site "Sao Jose dos Campos"]
[Date "2021.08.22"]
[Round "4"]
[White "Dias, Anderson Tatsch"]
[Black "De Freitas, Isabella Ribeiro Co"]
[Result "1/2-1/2"]
[WhiteElo "2121"]
[BlackElo "1862"]
[PlyCount "79"]
[EventDate "2021.08.21"]
[EventType "swiss"]
[EventRounds "5"]
[EventCountry "BRA"]
[SourceTitle "CBM 204 Extra"]
[Source "ChessBase"]
[SourceDate "2021.11.30"]
[SourceVersion "1"]
[SourceVersionDate "2021.11.30"]
[SourceQuality "1"]

1. e4 c5 2. Nf3 e6 3. d4 cxd4 4. Nxd4 a6 5. Nc3 Qc7 6. g3 Nf6 7. Bg2 Be7 8. 0-0 0-0 9. Be3 d6 10. h3 Nbd7 11. g4 Ne5 12. g5 Nfd7 13. Kh1 b5 14. a3 Bb7 15. f4 Nc4 16. Bc1 Rfe8 17. Nde2 Rac8 18. b3 Ncb6 19. Bb2 d5 20. exd5 Nxd5 21. Nxd5 Bxd5 22. Bxd5 exd5 23. Rc1 Bc5 24. Nd4 Re4 25. Nf5 d4 26. b4 Qc6 27. Qf3 Bd6 28. Nxd6 Rxf4 29. Nxc8 Qxf3+ 30. Rxf3 Rxf3 31. Nb6 Nxb6 32. Bxd4 Nc4 33. Kg2 Rxa3 34. Re1 h6 35. g6 fxg6 36. Re7 g5 37. Rxg7+ Kf8 38. Rg6 Ne3+ 39. Bxe3 Rxe3 40. Rxh6 1/2-1/2

[Event "Rio Negrinho Froebel op"]
[Site "Rio Negrinho"]
[Date "2021.07.10"]
[Round "4"]
[White "Dias, Anderson Tatsch"]
[Black "Silva, Guilherme Henrique"]
[Result "1-0"]
[WhiteElo "2128"]
[BlackElo "1769"]
[PlyCount "43"]
[EventDate "2021.07.09"]
[EventType "swiss"]
[EventRounds "6"]
[EventCountry "BRA"]
[SourceTitle "EXT 2022"]
[Source "ChessBase"]
[SourceDate "2021.10.06"]
[SourceVersion "1"]
[SourceVersionDate "2021.10.06"]
[SourceQuality "1"]

1. d4 Nf6 2. c4 e6 3. Nc3 Be7 4. e4 d6 5. Nf3 0-0 6. Bd3 c5 7. dxc5 dxc5 8. e5 Nfd7 9. Qe2 Nc6 10. Bf4 a6 11. Rd1 Qc7 12. Qe4 g6 13. h4 h5 14. g4 Nb4 15. gxh5 Nxd3+ 16. Rxd3 Kg7 17. Rg1 Qc6 18. Qe2 Rg8 19. Bg5 Bxg5 20. Nxg5 Nxe5 21. Qxe5+ f6 22. h6+ 1-0

[Event "Timbo op"]
[Site "Timbo"]
[Date "2021.02.21"]
[Round "5"]
[White "Dias, Anderson Tatsch"]
[Black "Cordioli, Jairo Ribeiro"]
[Result "1-0"]
[WhiteElo "2125"]
[BlackElo "1778"]
[PlyCount "155"]
[EventDate "2021.02.19"]
[EventType "swiss"]
[EventRounds "6"]
[EventCountry "BRA"]
[SourceTitle "EXT 2022"]
[Source "ChessBase"]
[SourceDate "2021.10.06"]
[SourceVersion "1"]
[SourceVersionDate "2021.10.06"]
[SourceQuality "1"]

1. d4 d5 2. c4 e6 3. Nf3 c6 4. e3 Bb4+ 5. Bd2 Bxd2+ 6. Qxd2 Ne7 7. Nc3 Nd7 8. 0-0-0 0-0 9. e4 dxc4 10. Bxc4 b5 11. Bd3 a6 12. e5 f5 13. exf6 Nxf6 14. Rhe1 Ned5 15. Ne4 Nxe4 16. Rxe4 e5 17. Rxe5 Bg4 18. Be4 Rc8 19. h3 Bxf3 20. Bxf3 Qf6 21. Kb1 Nf4 22. Be4 g6 23. Rc1 Rfd8 24. Qe3 Rd6 25. Bf5 gxf5 26. Qxf4 Rcd8 27. Rxf5 Qxd4 28. Rg5+ Kh8 29. Qxd4+ Rxd4 30. a3 Rg8 31. Rxg8+ Kxg8 32. Rxc6 Rd2 33. Rxa6 Rxf2 34. Rb6 Rxg2 35. Rxb5 Rh2 36. Rb3 Kf7 37. a4 Ke6 38. a5 Rf2 39. a6 Rf8 40. a7 Ra8 41. Ra3 Kd6 42. Kc2 Kc6 43. Kd3 Kb7 44. Rb3+ Ka6 45. Ke2 h5 46. Kf2 h4 47. Ra3+ Kb7 48. Kf3 Rf8+ 49. Kg4 Ka8 50. Kxh4 Rg8 51. Kh5 Rg2 52. b4 Rb2 53. Ra4 Rg2 54. b5 Rh2 55. Ra5 Rg2 56. h4 Rg3 57. Kh6 Rc3 58. h5 Rg3 59. Kh7 Rg5 60. h6 Rd5 61. Kg6 Rd6+ 62. Kg5 Rd5+ 63. Kg4 Rd4+ 64. Kg3 Rd5 65. Kg4 Rd4+ 66. Kf5 Rd5+ 67. Kg6 Rd6+ 68. Kg7 Rd7+ 69. Kf8 Rd8+ 70. Ke7 Rh8 71. Ra6 Rh7+ 72. Kf8 Rd7 73. Rg6 Rd8+ 74. Ke7 Rh8 75. b6 Rh7+ 76. Ke6 Rh8 77. h7 Kb7 78. Rg8 1-0

[Event "Timbo op"]
[Site "Timbo"]
[Date "2021.02.20"]
[Round "3"]
[White "Dias, Anderson Tatsch"]
[Black "Fier, Alexandr"]
[Result "0-1"]
[WhiteElo "2125"]
[BlackElo "2576"]
[PlyCount "114"]
[EventDate "2021.02.19"]
[EventType "swiss"]
[EventRounds "6"]
[EventCountry "BRA"]
[SourceTitle "EXT 2022"]
[Source "ChessBase"]
[SourceDate "2021.10.06"]
[SourceVersion "1"]
[SourceVersionDate "2021.10.06"]
[SourceQuality "1"]

1. d4 Nf6 2. e3 c5 3. Nf3 g6 4. Bd3 cxd4 5. exd4 d5 6. 0-0 Nc6 7. c3 Bf5 8. Bf4 Qb6 9. Bxf5 gxf5 10. Qb3 e6 11. Na3 Rg8 12. Nc2 Ne4 13. Nce1 Qa6 14. a4 Rg4 15. g3 Bd6 16. Bxd6 Nxd6 17. Rd1 Qe2 18. Rd2 Qc4 19. Qxc4 Nxc4 20. Re2 Nb6 21. Ng2 Re4 22. Rc2 Rc8 23. Rfc1 Na5 24. Nd2 Re2 25. Nf4 Rxd2 26. Rxd2 Nb3 27. Rcd1 Nxd2 28. Rxd2 Nxa4 29. Nd3 Nb6 30. Rd1 Nc4 31. Ra1 a5 32. Kf1 b6 33. Ke2 Ke7 34. Kd1 Nd6 35. Kc2 Ne4 36. Ra3 h6 37. Kd1 Nd6 38. Ke2 Nc4 39. Ra1 f6 40. f4 h5 41. Rb1 h4 42. gxh4 Rh8 43. Kf2 Rxh4 44. Kg3 Rh8 45. Rh1 Nd2 46. h4 Rg8+ 47. Kf2 Ne4+ 48. Ke1 Rg3 49. Nc1 Re3+ 50. Kd1 Nf2+ 51. Kd2 Rxc3 52. Kxc3 Nxh1 53. Ne2 Nf2 54. Kb3 b5 55. Nc3 Nd3 56. Nxb5 Nxf4 57. Ka4 Ne2 0-1

[Event "Florianopolis op 7th"]
[Site "Florianopolis"]
[Date "2021.01.23"]
[Round "9"]
[White "Umetsubo, Cesar Hidemitsu"]
[Black "Dias, Anderson Tatsch"]
[Result "1/2-1/2"]
[WhiteElo "2371"]
[BlackElo "2148"]
[PlyCount "116"]
[EventDate "2021.01.18"]
[EventType "swiss"]
[EventRounds "10"]
[EventCountry "BRA"]
[SourceTitle "CBM 200 Extra"]
[Source "ChessBase"]
[SourceDate "2021.03.31"]
[SourceVersion "1"]
[SourceVersionDate "2021.03.31"]
[SourceQuality "1"]

1. d4 Nf6 2. c4 g6 3. Nc3 d5 4. cxd5 Nxd5 5. e4 Nxc3 6. bxc3 Bg7 7. Bc4 0-0 8. Ne2 c5 9. 0-0 Nc6 10. Be3 Qc7 11. Rc1 Rd8 12. Bf4 Be5 13. Bxe5 Nxe5 14. Bb3 Ng4 15. Ng3 Qf4 16. Qf3 Qxf3 17. gxf3 Nf6 18. Rfd1 Bh3 19. f4 cxd4 20. cxd4 Rac8 21. Rxc8 Rxc8 22. f3 b5 23. f5 a5 24. e5 Ne8 25. fxg6 hxg6 26. Rd2 a4 27. Bd1 Bd7 28. Ne4 Ng7 29. Nc5 Be8 30. Bc2 Ne6 31. Nxe6 fxe6 32. Be4 Kg7 33. Kf2 b4 34. Rb2 Rb8 35. Bc2 Bc6 36. f4 a3 37. Rb1 Bd5 38. Bb3 Bxb3 39. Rxb3 Rc8 40. Rxb4 Rc2+ 41. Kg3 Rxa2 42. Ra4 Ra1 43. Ra8 Kf7 44. Kg2 a2 45. h3 Kg7 46. Kh2 Kf7 47. Kg2 Kg7 48. Kh2 Rf1 49. Rxa2 Rxf4 50. Rd2 g5 51. Kg3 Kg6 52. d5 exd5 53. Rxd5 Kf5 54. e6+ Kf6 55. Ra5 Re4 56. Kf3 Rxe6 57. h4 gxh4 58. Rh5 Kg6 1/2-1/2

[Event "Florianopolis op 6th"]
[Site "Florianopolis"]
[Date "2020.01.23"]
[Round "5"]
[White "Kikuchi Cadilhac, Mariana Sawae"]
[Black "Dias, Anderson Tatsch"]
[Result "0-1"]
[WhiteElo "1780"]
[BlackElo "2136"]
[PlyCount "74"]
[EventDate "2020.01.20"]
[EventType "swiss"]
[EventRounds "10"]
[EventCountry "BRA"]
[SourceTitle "CBM 194 Extra"]
[Source "ChessBase"]
[SourceDate "2020.03.31"]
[SourceVersion "1"]
[SourceVersionDate "2020.03.31"]
[SourceQuality "1"]

1. e4 c5 2. Nf3 e6 3. d4 cxd4 4. Nxd4 Nf6 5. Nc3 d6 6. Be2 a6 7. Be3 Be7 8. h3 Nc6 9. 0-0 0-0 10. Qe1 Qc7 11. Kh1 Re8 12. Rb1 Nxd4 13. Bxd4 b5 14. Bd3 e5 15. Be3 Be6 16. a3 d5 17. exd5 Nxd5 18. Bd2 Nxc3 19. Bxc3 Bd6 20. Be4 Rac8 21. Qd2 Bc4 22. Rfd1 Bc5 23. Kg1 Qa7 24. Qe1 g6 25. Rd2 Bd4 26. Ba5 f5 27. Bf3 e4 28. Qd1 Bc5 29. Rd7 Bxf2+ 30. Kh1 Qa8 31. Bh5 Be6 32. Bc3 Rxc3 33. bxc3 Bxd7 34. Qxd7 gxh5 35. Qxf5 Qa7 36. Qxh5 Qf7 37. Qg5+ Kh8 0-1

[Event "Florianopolis op 6th"]
[Site "Florianopolis"]
[Date "2020.01.22"]
[Round "4"]
[White "Dias, Anderson Tatsch"]
[Black "Feller, Gabriela Luisa Vice"]
[Result "1-0"]
[WhiteElo "2136"]
[BlackElo "1691"]
[PlyCount "81"]
[EventDate "2020.01.20"]
[EventType "swiss"]
[EventRounds "10"]
[EventCountry "BRA"]
[SourceTitle "CBM 194 Extra"]
[Source "ChessBase"]
[SourceDate "2020.03.31"]
[SourceVersion "1"]
[SourceVersionDate "2020.03.31"]
[SourceQuality "1"]

1. d4 d5 2. Nf3 Nf6 3. c4 c6 4. Nc3 Bf5 5. cxd5 Nxd5 6. e3 e6 7. Bc4 Bd6 8. Qe2 Nd7 9. e4 Nxc3 10. bxc3 Bg4 11. h3 Bh5 12. e5 Be7 13. 0-0 0-0 14. Bd3 Nb6 15. Rb1 Qc7 16. Be4 Rfd8 17. Qd3 Bg6 18. Bxg6 hxg6 19. Bd2 c5 20. Qe4 cxd4 21. cxd4 Nd5 22. Bg5 Rd7 23. Rfc1 Qd8 24. Qh4 b6 25. Bxe7 Nxe7 26. g4 Rc8 27. Rxc8 Qxc8 28. Ng5 Rxd4 29. Qh7+ Kf8 30. Qh8+ Ng8 31. Nh7+ Ke7 32. Qxg7 Rc4 33. Rb3 Rc1+ 34. Kg2 Qa8+ 35. Rf3 Rg1+ 36. Kxg1 Qxf3 37. Qxg8 Qd1+ 38. Kh2 Qf3 39. Qf8+ Kd7 40. Nf6+ Kc6 41. Qa8+ 1-0

[Event "Florianopolis Winter op 5th"]
[Site "Florianopolis"]
[Date "2019.09.01"]
[Round "6"]
[White "Piccoli, Lucas Fonseca"]
[Black "Dias, Anderson Tatsch"]
[Result "1-0"]
[WhiteElo "2104"]
[BlackElo "2177"]
[PlyCount "193"]
[EventDate "2019.08.30"]
[EventType "swiss"]
[EventRounds "7"]
[EventCountry "BRA"]
[SourceTitle "EXT 2020"]
[Source "ChessBase"]
[SourceDate "2019.10.17"]
[SourceVersion "1"]
[SourceVersionDate "2019.10.17"]
[SourceQuality "1"]

1. c4 Nf6 2. Nc3 c5 3. Nf3 g6 4. g3 Bg7 5. Bg2 0-0 6. d4 cxd4 7. Nxd4 Nc6 8. 0-0 Nxd4 9. Qxd4 d6 10. Qd3 a6 11. Rd1 Bf5 12. e4 Bg4 13. f3 Be6 14. Be3 Qa5 15. Rac1 Rfc8 16. b3 Rab8 17. a4 Qb4 18. Qb1 h5 19. Ba7 Ra8 20. Bd4 Nd7 21. Bxg7 Kxg7 22. Qb2 Kg8 23. Rb1 Rc7 24. Qd2 Qb6+ 25. Qd4 Qxd4+ 26. Rxd4 Rb8 27. Kf2 Ne5 28. Ke3 Nc6 29. Rd2 Nb4 30. f4 Rc5 31. Bf1 Kg7 32. Bd3 Rh8 33. h4 Rhc8 34. Rf1 Bd7 35. Nd5 Nxd5+ 36. exd5 Bf5 37. Be2 R5c7 38. a5 Rb8 39. Ra1 b5 40. axb6 Rxb6 41. Bd1 Bc8 42. Kd4 Kf6 43. Bc2 Bg4 44. Ra5 Rc8 45. Rf2 Rc7 46. Rf1 Bf5 47. Bd1 Bc8 48. Bc2 Rb4 49. Rfa1 Rb8 50. Rf1 Rcb7 51. Rfa1 Rb4 52. R1a4 R4b6 53. Ra1 Bf5 54. Bd1 Bc8 55. Bc2 Bb7 56. Rf1 Bc8 57. Rfa1 Ra8 58. Rf1 Ra7 59. Rfa1 Rc7 60. Rf1 Rb8 61. Rfa1 Bb7 62. Rf1 Bc8 63. Rfa1 Kg7 64. Rf1 Bf5 65. Bd1 Rb6 66. Rf2 Bb1 67. Rb2 Bf5 68. Rba2 Bc8 69. Ra1 Rb8 70. Bc2 Kf8 71. Rf1 Rb4 72. Kc3 Rb6 73. Rfa1 Rb8 74. Kd4 Bb7 75. Rf1 Bc8 76. Rfa1 Ke8 77. Rf1 Rb6 78. Rfa1 Kd8 79. Rf1 Bf5 80. Bd1 Kc8 81. Rf2 Kb7 82. Rfa2 Rc8 83. Kc3 Rc7 84. b4 Be4 85. Kd4 Bf5 86. Kc3 Bd7 87. c5 dxc5 88. bxc5 Bb5 89. Kd4 Rf6 90. Bf3 Kc8 91. Rxb5 axb5 92. Ra8+ Kd7 93. c6+ Rcxc6 94. dxc6+ Kd6 95. Rd8+ Ke6 96. Kc5 b4 97. Kb5 1-0

[Event "Florianopolis Winter op 5th"]
[Site "Florianopolis"]
[Date "2019.08.30"]
[Round "2"]
[White "Juliano, Joao Carlos Mazzini"]
[Black "Dias, Anderson Tatsch"]
[Result "0-1"]
[WhiteElo "1918"]
[BlackElo "2177"]
[PlyCount "102"]
[EventDate "2019.08.30"]
[EventType "swiss"]
[EventRounds "7"]
[EventCountry "BRA"]
[SourceTitle "EXT 2020"]
[Source "ChessBase"]
[SourceDate "2019.10.17"]
[SourceVersion "1"]
[SourceVersionDate "2019.10.17"]
[SourceQuality "1"]

1. d4 Nf6 2. Nf3 e6 3. Bf4 d5 4. e3 c5 5. c3 Nc6 6. Nbd2 Bd6 7. Bg3 0-0 8. Bd3 b6 9. Ne5 Bb7 10. f4 Ne7 11. 0-0 Nf5 12. Bf2 Be7 13. Qe2 Nd6 14. Bh4 Nfe4 15. Bxe7 Qxe7 16. Nxe4 dxe4 17. Ba6 cxd4 18. cxd4 f6 19. Bxb7 Qxb7 20. Nc4 Qa6 21. Rfc1 Rac8 22. b3 Rc7 23. Rc2 Nf5 24. Rac1 Qb5 25. Kf2 Rfc8 26. Na3 Qxe2+ 27. Kxe2 Rxc2+ 28. Rxc2 Rxc2+ 29. Nxc2 Kf7 30. g3 Ke8 31. Kd2 Kd7 32. Kc3 Kc6 33. Nb4+ Kd6 34. Nc2 Nh6 35. Kc4 a6 36. a4 Ng4 37. h3 Nf2 38. h4 h5 39. Nb4 a5 40. Nc2 Kc6 41. f5 exf5 42. d5+ Kc7 43. Nd4 g6 44. Kb5 Nd1 45. Ne6+ Kd6 46. Nf4 Nxe3 47. Nxg6 Nxd5 48. Kc4 Ne3+ 49. Kb5 Ng2 50. Kc4 Ke6 51. Nf8+ Kf7 0-1

[Event "Caioba Telecom op 5th"]
[Site "Caioba"]
[Date "2019.08.14"]
[Round "4"]
[White "Dias, Anderson Tatsch"]
[Black "Moyses Sobrinho, Elias"]
[Result "1-0"]
[WhiteElo "2177"]
[BlackElo "1890"]
[PlyCount "119"]
[EventDate "2019.08.12"]
[EventType "swiss"]
[EventRounds "9"]
[EventCountry "BRA"]
[SourceTitle "EXT 2020"]
[Source "ChessBase"]
[SourceDate "2019.10.17"]
[SourceVersion "1"]
[SourceVersionDate "2019.10.17"]
[SourceQuality "1"]

1. d4 d5 2. c4 e5 3. dxe5 d4 4. Nf3 Nc6 5. g3 Bg4 6. Bg2 Qd7 7. Qb3 0-0-0 8. 0-0 h5 9. h4 Bh3 10. e6 Bxe6 11. Ne5 Qd6 12. Nxc6 bxc6 13. Qa4 Kb7 14. Qb5+ Kc8 15. Bxc6 Qb4 16. Qa6+ Kb8 17. b3 Bc8 18. Qb5+ Qxb5 19. cxb5 Ne7 20. Be4 Bb7 21. Bxb7 Kxb7 22. Rd1 Ng6 23. Bb2 Bc5 24. Nd2 Ne5 25. Nc4 Nxc4 26. bxc4 g6 27. Rd3 Rd6 28. Rad1 Rhd8 29. a4 Kb6 30. Ra1 a5 31. Rad1 R8d7 32. Ba1 f5 33. Bb2 Rd8 34. Bc1 Re8 35. Bb2 Red8 36. Kg2 R8d7 37. Kf3 Rd8 38. e3 dxe3 39. Rxd6+ cxd6 40. fxe3 Re8 41. Bd4 Re6 42. Rd3 Bxd4 43. exd4 Re4 44. Rd1 Rg4 45. Rd2 Re4 46. c5+ dxc5 47. dxc5+ Kxc5 48. Rc2+ Kb4 49. b6 Re8 50. b7 Rb8 51. Rb2+ Kxa4 52. Kf4 Ka3 53. Rb6 a4 54. Ke5 Ka2 55. Kd6 a3 56. Kc7 Rxb7+ 57. Rxb7 Ka1 58. Kd6 a2 59. Ra7 Kb2 60. Kd5 1-0